| 000 | 00335nam a2200109Ia 4500 | ||
|---|---|---|---|
| 008 | 171211s9999 xx 000 0 und d | ||
| 245 | _aRudolph Glossop: and the Rise of Geotechnology | ||
| 245 | _cRonald E. Williams | ||
| 260 | _c2010 | ||
| 650 | _xEngineering and Technology | ||
| 856 | _uhttp://down.ebook777.com/064/9781849950213.pdf | ||
| 999 |
_c350292 _d350292 |
||